Unifikace ve VTEI sborník prací

Na minha lista:
Detalhes bibliográficos
Formato: Livro
Idioma:tcheco
Publicado em: Praha Ústředí vědeckých, technických a ekonomických informací 1982
Colecção:Problémy teorie a praxe VTEI sv. 8
Tags: Adicionar Tag
Sem tags, seja o primeiro a adicionar uma tag!

MARC

LEADER 00000nam a2200000 4500
001 c129147
005 20181203150425.9
041 0 |a cze 
044 |a CZ 
245 1 0 |a Unifikace ve VTEI  |b sborník prací 
264 1 |a Praha  |b Ústředí vědeckých, technických a ekonomických informací  |c 1982 
300 |a 172 s. 
490 1 |a Problémy teorie a praxe VTEI  |v sv. 8 
830 0 |a Problémy teorie a praxe VTEI  |v sv. 8